| 000 | 01203nam a22002897a 4500 | ||
|---|---|---|---|
| 001 | BRCA_9366 | ||
| 003 | FranzMayer | ||
| 005 | 20230918123348.0 | ||
| 008 | 230830b |||||||| |||| 00| 0 eng d | ||
| 040 |
_aMFM _bespañol _cMFM |
||
| 050 |
_aTP919 _bJ65 1980 |
||
| 100 | 1 |
_4Autor _aSna Jolobil _929360 |
|
| 240 |
_aBon _hTintes naturales _lEspañol |
||
| 245 | 0 |
_aBon _bTintes naturales |
|
| 260 |
_aChiapas, México _bSna Jolobil _c1980 |
||
| 300 |
_a1 v _bIlustraciones _c20 cm |
||
| 500 | _aCONT10135 | ||
| 500 | _aEl folleto fue publicado de manera independiente, por lo que no cuenta con datos de publicación tales como ISBN | ||
| 500 | _aEl material no se encuentra numerado | ||
| 500 | _aEl material se esta desprendiendo | ||
| 500 | _aEl material se ubica a su vez con escritos en una lengua indígena | ||
| 500 | _aEl material tiene una cubierta de papel con una replica de la cubierta externa. | ||
| 505 | _aTexto en: españolIncluye índice temático Dirigido a: artistas, diseñadores de moda, ecologistas y diseñadores en genral. | ||
| 650 | 1 |
_2Tintes y teñidos _aMéxico _vChiapas _929361 |
|
| 651 | 2 |
_2Plantas para teñir _aTintes naturales _929362 |
|
| 942 |
_2lcc _cB |
||
| 999 |
_c10988 _d10988 |
||